000
00256nam a2200097Ia 4500
001
654981
005
20250826154528.0
008
250824s9999 xx 000 0 und d
245
0
_a
DOĞANIN BİR YILI TEMMUZ
_c
RUTH SYMONS
260
_b
TÜBİTAK POPÜLER BİLİM
999
_c
654981
_d
654981